000 00557nam a2200181Ia 4500
005 20250508151429.0
008 008 250505s9999 xx 000 0 eng d
037 _aTextual
040 _aFEDL
_beng
_cFEDL
041 _aeng
_2eng
084 _a371.62, GRE
_qFEDL
245 0 _aStandard construction for schools
245 2 _cA Committee appointed by the President fo the Board of Education
260 _aLondon, UK
_bHis Majesty's Stationery Office
_c1944
300 _a29p.
942 _cTEXL
_h371.62, GRE
999 _c1329738
_d1329738